Cities in the ARTM Territory - Statistics

General Stats
  • This quiz has been taken 6 times
    3 since last reset
  • The average score is 60 of 90
Answer Stats
Zone Region City % Correct
A Montréal Beaconsfield
100%
C Laurentides Blainville
100%
C Montérégie Candiac
100%
C Montérégie Contrecoeur
100%
C Montérégie Delson
100%
C Laurentides Deux-Montagnes
100%
A Montréal Dorval
100%
C Montérégie Hudson
100%
A Montréal Kirkland
100%
B Laval Laval
100%
C Montérégie L'Île-Perrot
100%
B Montérégie Longueuil
100%
C Lanaudière Mascouche
100%
C Montérégie McMasterville
100%
C Laurentides Mirabel
100%
A Montréal Montréal
100%
A Montréal Mont-Royal
100%
C Montérégie Mont-Saint-Hilaire
100%
C Montérégie Pincourt
100%
A Montréal Pointe-Claire
100%
C Lanaudière Repentigny
100%
C Montérégie Richelieu
100%
D Montérégie Rigaud
100%
C Laurentides Rosemère
100%
C Montérégie Saint-Basile-le-Grand
100%
B Montérégie Saint-Bruno-de-Montarville
100%
C Montérégie Saint-Constant
100%
A Montréal Sainte-Anne-de-Bellevue
100%
C Laurentides Sainte-Thérèse
100%
C Laurentides Saint-Jérôme
100%
B Montérégie Saint-Lambert
100%
D Montérégie Sorel-Tracy
100%
C Montérégie Terrasse-Vaudreuil
100%
C Lanaudière Terrebonne
100%
C Montérégie Varennes
100%
C Montérégie Vaudreuil-Dorion
100%
A Montréal Westmount
100%
A Montréal Baie-d'Urfé
50%
C Montérégie Beauharnois
50%
C Montérégie Beloeil
50%
C Laurentides Boisbriand
50%
C Laurentides Bois-des-Fillion
50%
B Montérégie Boucherville
50%
B Montérégie Brossard
50%
C Montérégie Carignan
50%
C Montérégie Chambly
50%
C Lanaudière Charlemagne
50%
C Montérégie Châteauguay
50%
A Montréal Côte-Saint-Luc
50%
A Montréal Dollard-des-Ormeaux
50%
A Montréal Hampstead
50%
C Montérégie Kahnawake
50%
C Montérégie La Prairie
50%
C Lanaudière L'Assomption
50%
D Lanaudière Lavaltrie
50%
D Lanaudière L'Épiphanie
50%
C Montérégie Léry
50%
A Montréal L'Île-Dorval
50%
D Montérégie Marieville
50%
C Montérégie Mercier
50%
A Montréal Montréal-Est
50%
A Montréal Montréal-Ouest
50%
C Montérégie Notre-Dame-de-l'Île-Perrot
50%
C Laurentides Oka
50%
C Montérégie Otterburn Park
50%
C Montérégie Saint-Amable
50%
C Laurentides Sainte-Anne-des-Plaines
50%
C Montérégie Sainte-Catherine
50%
C Montérégie Sainte-Julie
50%
D Montérégie Sainte-Madeleine
50%
D Montérégie Sainte-Marie-Madeleine
50%
D Montérégie Sainte-Martine
50%
C Laurentides Saint-Eustache
50%
D Montérégie Saint-Hyacinthe
50%
C Laurentides Saint-Joseph-du-Lac
50%
C Montérégie Saint-Lazare
50%
C Montérégie Saint-Mathieu-de-Beloeil
50%
C Montérégie Saint-Philippe
50%
D Laurentides Saint-Placide
50%
C Lanaudière Saint-Sulpice
50%
D Montérégie Salaberry-de-Valleyfield
50%
A Montréal Senneville
50%
C Montérégie Verchères
50%
C Laurentides Kanesatake
0%
C Montérégie L'Île-Cadieux
0%
C Laurentides Lorraine
0%
C Laurentides Pointe-Calumet
0%
C Laurentides Sainte-Marthe-sur-le-Lac
0%
C Montérégie Saint-Mathias-sur-Richelieu
0%
C Montérégie Vaudreuil-sur-le-Lac
0%
No matching quizzes found
Score Distribution
Percent of People with Each Score
Percentile by Number Answered
Your Score History
You have not taken this quiz since the last reset